20 Largest Tech Companies - Statistics

General Stats
  • This quiz has been taken 83 times
  • The average score is 9 of 20
Answer Stats
Market Cap HQ Country Company % Correct
$2.707 T United States Apple
99%
$308.81 B South Korea Samsung
93%
$1.432 T United States Amazon
92%
$2.140 T United States Microsoft
87%
$1.557 T United States Google
84%
$477.01 B United States Meta
67%
$447.11 B United States NVIDIA
58%
898.14 B United States Tesla
58%
$377.5 B China Tencent
41%
$205.62 B United States Oracle
39%
$158.39 B United States AMD
29%
$464.25 B Taiwan TSMC
29%
$190.07 B United States Cisco
21%
$203.52 B United States Adobe
20%
$185.79 B United States Salesforce
17%
$235.39 B Netherlands ASML
14%
$166.01 B United States QUALCOMM
14%
$220.88 B United States Broadcom
8%
$166.34 B United States Texas Instruments
3%
$251.22 B China Alibada
1%
No matching quizzes found
Score Distribution
Percent of People with Each Score
Percentile by Number Answered
Your Score History
You have not taken this quiz